[Event "Berlin Open"]
[Site "Berlin West"]
[Date "1987.??.??"]
[Round "?"]
[White "Gruenenwald, Joerg"]
[Black "Karlsson, Lars C-G"]
[Result "1/2-1/2"]
[WhiteElo "2330"]
[BlackElo "2480"]
[PlyCount "63"]
[EventDate "1987.08.??"]
[Source "www.chesslib.no"]
[SourceDate "2004.05.04"]

1. d4 e6 2. c4 f5 3. g3 Nf6 4. Bg2 Be7 5. Nf3 d5 6. O-O O-O 7. b3 Nc6 8. Bb2 a5 9. Ne5 Nxe5 10. dxe5 Ne4 11. Qc2 c6 12. Nc3 Nxc3 13. Qxc3 Bb4 14. Qc2 a4 15. c5 a3 16. Bd4 Ra5 17. Rac1 b6 18. cxb6 c5 19. Bc3 Qxb6 20. Bxb4 Qxb4 21. Qc3 Qxc3 22. Rxc3 Ba6 23. Rfc1 Bxe2 24. Bf1 d4 25. R3c2 d3 26. Rd2 c4 27. bxc4 Rxe5 28. f4 Re4 29. Bxe2 dxe2 30. Kf2 e1=Q+ 31. Rxe1 Rxc4 32. Rxe6 1/2-1/2

[Event "Gausdal Arnold Cup"]
[Site "?"]
[Date "1991.??.??"]
[Round "4"]
[White "Pedersen, S."]
[Black "Hansen, LB."]
[Result "1/2-1/2"]
[WhiteElo "2280"]
[BlackElo "2525"]
[PlyCount "87"]
[EventDate "1991.??.??"]
[Source "www.chesslib.no"]
[SourceDate "2004.05.04"]

1. d4 e6 2. c4 f5 3. Nf3 Nf6 4. g3 Be7 5. Bg2 O-O 6. O-O c6 7. Qc2 d5 8. b3 b6 9. Ne5 Bb7 10. Bb2 Na6 11. Nd2 Rc8 12. Rad1 Bd6 13. Ndf3 Ne4 14. Nd3 Qe7 15. Nfe5 c5 16. e3 b5 17. cxb5 cxd4 18. Qe2 Nc7 19. a4 Nc3 20. Qd2 dxe3 21. Qxc3 e2 22. Nc6 Bxc6 23. bxc6 Na6 24. Rde1 exf1=Q+ 25. Kxf1 Nb4 26. Rxe6 Rxc6 27. Qd4 Qf7 28. Bxd5 Nxd5 29. Qxd5 Ra6 30. Rxd6 Rxd6 31. Qxd6 Qxb3 32. Qd4 Qb7 33. Kg1 h6 34. a5 Kh7 35. h4 Qc7 36. h5 Rd8 37. Qe5 Qxe5 38. Nxe5 Rd5 39. Nc6 Rc5 40. Nxa7 Rxa5 41. Nc6 Rb5 42. Bd4 Rd5 43. Be3 f4 44. Bxf4 1/2-1/2

[Event "1st League TCh-SCG"]
[Site "Budva"]
[Date "2003.09.03"]
[Round "6"]
[White "Abramovic, Bosko"]
[Black "Radibratovic, Predrag"]
[Result "1/2-1/2"]
[WhiteElo "2474"]
[BlackElo "2328"]
[PlyCount "92"]
[EventDate "2003.08.29"]
[Source "Roberto Alvarez"]
[SourceDate "2003.10.27"]

1. d4 d5 2. c4 c6 3. Nf3 e6 4. Qc2 f5 5. g3 Nf6 6. Bg2 Be7 7. O-O O-O 8. b3 a5 9. a3 Nbd7 10. Bb2 b5 11. c5 Ne4 12. Ne1 Qc7 13. f3 Nxg3 14. hxg3 Qxg3 15. e3 Bh4 16. Nc3 Qg5 17. Bc1 Qh5 18. Ne2 g5 19. Nd3 Rf6 20. Bd2 Rh6 21. Be1 Nf6 22. Ng3 Qf7 23. Ne5 Qe8 24. Bf2 a4 25. Rfb1 Ba6 26. bxa4 bxa4 27. Rb6 Bb5 28. Rb1 g4 29. fxg4 Nxg4 30. Nxg4 fxg4 31. R1xb5 cxb5 32. Bxd5 Bxg3 33. Bxg3 exd5 34. Be5 Qh5 35. Qg2 Rd8 36. Rb7 Qf5 37. e4 Qxe4 38. Qxe4 dxe4 39. Rxb5 Re6 40. Kf2 Rxe5 41. dxe5 Kf7 42. Ke3 g3 43. Kxe4 g2 44. Rb7+ Ke6 45. Rb6+ Ke7 46. Rb7+ Ke6 1/2-1/2

[Event "Capablanca mem-B"]
[Site "?"]
[Date "1992.??.??"]
[Round "5"]
[White "Oblitas, Carlomagno"]
[Black "Paneque, Pedro"]
[Result "1/2-1/2"]
[WhiteElo "2425"]
[BlackElo "2375"]
[PlyCount "75"]
[EventDate "1992.??.??"]
[Source "www.chesslib.no"]
[SourceDate "2004.05.04"]

1. d4 e6 2. Nf3 d5 3. c4 f5 4. g3 Nf6 5. Bg2 Be7 6. O-O O-O 7. b3 Bd7 8. a4 Nc6 9. Ne5 Be8 10. Ba3 Bxa3 11. Nxa3 Qe7 12. Nc2 Rd8 13. Nxc6 Bxc6 14. c5 Be8 15. Nb4 e5 16. dxe5 Qxe5 17. Nd3 Qe7 18. Qd2 c6 19. e3 g5 20. Qb2 Bg6 21. Rfe1 Rde8 22. b4 Nd7 23. Rac1 a6 24. b5 axb5 25. axb5 Rf6 26. bxc6 bxc6 27. Ra1 Re6 28. Qd4 f4 29. exf4 Bxd3 30. Rxe6 Qxe6 31. Qxd3 gxf4 32. Qd4 Rf8 33. gxf4 Qf6 34. Qxf6 Rxf6 35. f5 Nxc5 36. Rc1 Nd3 37. Rxc6 Rxf5 38. Rc3 1/2-1/2

[Event "Cordoba Open"]
[Site "Cordoba ARG"]
[Date "1991.??.??"]
[Round "?"]
[White "Campos Moreno, Javier B"]
[Black "Rivera Kuzawka, Daniel"]
[Result "1-0"]
[WhiteElo "2480"]
[BlackElo "2320"]
[PlyCount "83"]
[EventDate "1991.??.??"]
[Source "www.chesslib.no"]
[SourceDate "2004.05.04"]

1. d4 e6 2. c4 f5 3. g3 Nf6 4. Bg2 d5 5. Nf3 Be7 6. O-O O-O 7. Qc2 c6 8. b3 Bd7 9. Ba3 Be8 10. Ne5 Bxa3 11. Nxa3 Qe7 12. Qb2 Nbd7 13. b4 a6 14. Nc2 Ne4 15. Rad1 f4 16. f3 Nxg3 17. hxg3 fxg3 18. Bh3 Rf4 19. Kg2 Nxe5 20. dxe5 Rxc4 21. Rd4 b5 22. Ne3 Rxd4 23. Qxd4 a5 24. a3 axb4 25. axb4 Ra2 26. Re1 Bd7 27. Kxg3 c5 28. Qxc5 Qg5+ 29. Bg4 Qxe5+ 30. f4 Qe4 31. Bf3 Qg6+ 32. Kf2 Qf6 33. Ng2 Ra3 34. Qd6 Be8 35. Rc1 Ra8 36. Rc7 h5 37. Qe7 Bf7 38. Qxf6 gxf6 39. Rb7 Be8 40. f5 exf5 41. Bxd5+ Kf8 42. Nf4 1-0

[Event "Southend"]
[Site "?"]
[Date "2005.03.25"]
[Round "2"]
[White "Pein Malcolm"]
[Black "McDonald Neil"]
[Result "1-0"]
[WhiteElo "2419"]
[BlackElo "2380"]
[PlyCount "81"]
[EventDate "2005.??.??"]
[Source "www.chesslib.no"]
[SourceDate "2004.05.04"]

1. Nf3 e6 2. c4 f5 3. g3 Nf6 4. Bg2 Be7 5. O-O O-O 6. d4 c6 7. b3 d5 8. a4 Ne4 9. Ba3 Bxa3 10. Nxa3 a5 11. Nc2 Bd7 12. Ne5 Be8 13. f3 Nf6 14. g4 Nbd7 15. g5 Nxe5 16. gxf6 Ng6 17. fxg7 Rf7 18. f4 Rxg7 19. Rf3 Nh4 20. Rg3 Bh5 21. Qd3 Qf6 22. Bh1 Kh8 23. Rf1 Rag8 24. Ne1 dxc4 25. bxc4 Rd8 26. Nc2 c5 27. d5 exd5 28. cxd5 Re7 29. Re1 Be8 30. Qb3 Ng6 31. e3 Bf7 32. Rd1 Red7 33. Na3 Ne7 34. Nc4 Bxd5 35. Bxd5 Rxd5 36. Rxd5 Nxd5 37. Qxb7 Ne7 38. Ne5 Rg8 39. Qc7 Ng6 40. Nxg6+ hxg6 41. Rh3+ 1-0

[Event "RUS-Cup2"]
[Site "Moscow"]
[Date "1996.??.??"]
[Round "2"]
[White "Volzhin, Alexander"]
[Black "Pres, Grigorij"]
[Result "1-0"]
[WhiteElo "2485"]
[BlackElo "2310"]
[PlyCount "113"]
[EventDate "1996.11.28"]
[Source "www.chesslib.no"]
[SourceDate "2004.05.04"]

1. d4 e6 2. c4 f5 3. g3 Nf6 4. Bg2 Be7 5. Nf3 O-O 6. O-O d5 7. b3 Bd7 8. Ba3 Nc6 9. Bxe7 Nxe7 10. Nbd2 Be8 11. Ne5 Bh5 12. Nd3 Ng6 13. Nf3 dxc4 14. Nc5 Qe7 15. Nxb7 cxb3 16. Qxb3 Ne4 17. Qc2 Rac8 18. Rfc1 Bxf3 19. exf3 Nd6 20. Na5 f4 21. Nc6 Qf6 22. Nxa7 Ra8 23. Nc6 Ra3 24. Re1 Rfa8 25. Qe2 R8a6 26. Rac1 Nf8 27. Qe5 fxg3 28. hxg3 Qxe5 29. dxe5 Nb5 30. Bf1 Rxc6 31. Rxc6 Nd4 32. Rec1 Nxc6 33. Rxc6 Rxa2 34. Bc4 Ra7 35. f4 g6 36. Bxe6+ Nxe6 37. Rxe6 Kf7 38. Rf6+ Ke7 39. Kg2 c5 40. Rc6 Ra5 41. Kf3 Kd7 42. Rd6+ Ke7 43. Kg4 Ra2 44. Rc6 Rc2 45. Kg5 Kd7 46. Rd6+ Ke7 47. f5 gxf5 48. f4 Rc3 49. Kxf5 Rxg3 50. Rc6 Rc3 51. Rc7+ Kd8 52. Rxh7 Re3 53. Ke6 c4 54. f5 c3 55. f6 c2 56. f7 Rf3 57. Rh1 1-0

[Event "Serpukhov (Russia)"]
[Site "?"]
[Date "2002.??.??"]
[Round "4"]
[White "Perun Sergey"]
[Black "Janturin Artur"]
[Result "1/2-1/2"]
[WhiteElo "2378"]
[BlackElo "2411"]
[PlyCount "56"]
[EventDate "2002.??.??"]
[Source "www.chesslib.no"]
[SourceDate "2004.05.04"]

1. d4 e6 2. g3 f5 3. Bg2 Nf6 4. c4 c6 5. Qc2 Be7 6. Nf3 O-O 7. O-O d5 8. b3 Na6 9. Nc3 b6 10. Bf4 Bb7 11. cxd5 cxd5 12. Qb2 Ne4 13. Rac1 Nxc3 14. Rxc3 Bb4 15. Re3 Qe7 16. Ng5 Rf6 17. Be5 Rg6 18. h4 Ba3 19. Qd2 Rc8 20. Nh3 Nb4 21. Nf4 Rh6 22. Nd3 Nc2 23. Rf3 Ba6 24. Rb1 Bb5 25. Nf4 Bb4 26. Qd1 Ba3 27. Qd2 Bb4 28. Qd1 Ba3 1/2-1/2

[Event "Mind Sports Games - Rapid Ind w"]
[Site "Pechino CINA"]
[Date "2008.10.06"]
[Round "7"]
[White "Vasilevich, I."]
[Black "Socko, M."]
[Result "1-0"]
[WhiteElo "2354"]
[BlackElo "2434"]
[PlyCount "169"]
[EventDate "2008.10.05"]
[Source "www.chesslib.no"]
[SourceDate "2004.05.04"]

1. c4 Nf6 2. g3 e6 3. Bg2 d5 4. Nf3 Be7 5. O-O O-O 6. d4 c6 7. b3 Ne4 8. Bb2 Nd7 9. Nfd2 f5 10. f3 Nxd2 11. Nxd2 Bg5 12. e4 Be3+ 13. Kh1 dxe4 14. fxe4 Nf6 15. e5 Ng4 16. Nf3 Bh6 17. Bc1 Bxc1 18. Qxc1 Bd7 19. Qf4 Qe7 20. Rad1 Rad8 21. h3 Nh6 22. Ng5 Nf7 23. h4 Nxg5 24. hxg5 Be8 25. Bf3 Bf7 26. Rd2 Rd7 27. Rfd1 Rfd8 28. Kg2 Qe8 29. Qh4 Bg6 30. Re1 Qf8 31. Qf4 Qb4 32. d5 cxd5 33. cxd5 Qxf4 34. gxf4 exd5 35. e6 Re7 36. Rxd5 Rxd5 37. Bxd5 h6 38. Rc1 Kh7 39. Kg3 Be8 40. Kh4 Kg6 41. Rc8 hxg5+ 42. fxg5 Bc6 43. Bxc6 bxc6 44. Rxc6 f4 45. Kg4 f3 46. Kxf3 Kxg5 47. Ra6 Kf5 48. b4 g5 49. Kg3 Rc7 50. a4 Rc3+ 51. Kg2 Rc2+ 52. Kg3 Rc3+ 53. Kg2 Rc2+ 54. Kg3 Rc3+ 55. Kf2 Rc2+ 56. Ke3 Rc4 57. b5 g4 58. Kf2 Kf4 59. e7 Re4 60. Rf6+ Kg5 61. Rf7 Kg6 62. e8=Q Rxe8 63. Rxa7 Kf5 64. Rf7+ Ke4 65. Kg3 Ra8 66. b6 Kd5 67. b7 Rb8 68. a5 Kc6 69. a6 Kb6 70. Rf6+ Ka7 71. Kxg4 Rd8 72. Kf4 Re8 73. Kf5 Re1 74. Re6 Rf1+ 75. Ke5 Rb1 76. Kd5 Rd1+ 77. Kc6 Rc1+ 78. Kd7 Rd1+ 79. Rd6 Rc1 80. Rc6 Rh1 81. Rc8 Rd1+ 82. Ke6 Re1+ 83. Kd5 Rd1+ 84. Ke4 Rb1 85. Ra8+ 1-0

[Event "Zenica"]
[Site "Zenica"]
[Date "1986.??.??"]
[Round "12"]
[White "Cvitan, Ognjen"]
[Black "Kobas, Adnan"]
[Result "1-0"]
[WhiteElo "2465"]
[BlackElo "2320"]
[PlyCount "109"]
[EventDate "1986.04.??"]
[Source "www.chesslib.no"]
[SourceDate "2004.05.04"]

1. d4 e6 2. c4 f5 3. Nf3 Nf6 4. g3 Be7 5. Bg2 O-O 6. O-O d5 7. b3 c6 8. Qc2 Bd7 9. Nbd2 Be8 10. Bb2 Bh5 11. Rfe1 Ne4 12. Ne5 Nd7 13. Nd3 Bd6 14. f3 Nxg3 15. hxg3 Bxg3 16. e3 Rf6 17. Re2 Rh6 18. Nf1 Qh4 19. Bc3 Rg6 20. Nxg3 Rxg3 21. Be1 Bxf3 22. Bxg3 Qxg3 23. Rf2 Be4 24. Qe2 Nf6 25. Ne5 h5 26. Kf1 h4 27. Bxe4 Nxe4 28. Rf3 h3 29. Rxg3 Nxg3+ 30. Kf2 Nxe2 31. Kxe2 g5 32. cxd5 cxd5 33. Rf1 Rf8 34. Kf2 Kg7 35. Kg3 g4 36. b4 a6 37. a4 Kh6 38. Nxg4+ Kg5 39. Ne5 a5 40. Rb1 f4+ 41. exf4+ Rxf4 42. Nf3+ Kf5 43. bxa5 Rg4+ 44. Kxh3 Rg7 45. Nd2 Kf4 46. Rb3 Rc7 47. Rf3+ Kg5 48. Kg3 Rc2 49. Rf2 Rc3+ 50. Rf3 Rc2 51. Rd3 Kf5 52. Kf3 Rc1 53. Rb3 Ra1 54. Rxb7 Rxa4 55. Nb3 1-0

[Event "ROM Team Ch"]
[Site "Romania"]
[Date "1994.??.??"]
[Round "?"]
[White "Marin, Mihail"]
[Black "Demeny, Miklos Nicolae"]
[Result "1/2-1/2"]
[WhiteElo "2530"]
[BlackElo "2255"]
[PlyCount "107"]
[EventDate "1994.??.??"]
[Source "www.chesslib.no"]
[SourceDate "2004.05.04"]

1. d4 d5 2. c4 e6 3. Nf3 Be7 4. g3 f5 5. Bg2 Nf6 6. O-O O-O 7. b3 Na6 8. Nc3 c6 9. a3 Bd7 10. Qd3 Ne4 11. Bf4 Be8 12. Rfc1 g5 13. Be5 Bg6 14. cxd5 exd5 15. Nd2 Bf6 16. b4 Bxe5 17. dxe5 Qb6 18. e3 Nxf2 19. Kxf2 f4 20. Bxd5+ cxd5 21. Qxd5+ Bf7 22. Qd4 Qh6 23. exf4 Rad8 24. Qe3 gxf4 25. gxf4 Qxh2+ 26. Ke1 Qh4+ 27. Kd1 Bb3+ 28. Ke2 Qh2+ 29. Ke1 Rxf4 30. Nf1 Rd3 31. Nxh2 Rxe3+ 32. Kd2 Rxe5 33. Rg1+ Kf7 34. Raf1 Ref5 35. Ne4 Rxf1 36. Nxf1 Rd5+ 37. Kc3 Ba4 38. Ne3 Rd8 39. Ng5+ Ke7 40. Nxh7 Rc8+ 41. Kd4 Nc7 42. Ke5 Ne8 43. Nd5+ Kd8 44. Rg8 Rc1 45. Nhf6 Re1+ 46. Kd4 Bb3 47. Rh8 Bxd5 48. Kxd5 Rd1+ 49. Kc5 Rc1+ 50. Kb5 Re1 51. Kc5 Rc1+ 52. Kb5 Re1 53. a4 Re6 54. Nxe8 1/2-1/2

[Event "Rilton Cup"]
[Site "Stockholm"]
[Date "1988.??.??"]
[Round "?"]
[White "Hausner, Ivan"]
[Black "Hartman, Christer"]
[Result "1-0"]
[WhiteElo "2435"]
[BlackElo "2350"]
[PlyCount "95"]
[EventDate "1988.??.??"]
[Source "ChessBase"]

1. d4 f5 2. g3 e6 3. Bg2 Nf6 4. Nf3 d5 5. O-O Be7 6. c4 O-O 7. b3 Nc6 8. Bb2 Ne4 9. Nbd2 a5 10. Nxe4 fxe4 11. Ne5 Nxe5 12. dxe5 c6 13. Kh1 a4 14. f3 b6 15. Qc2 Qe8 16. Rad1 Qg6 17. fxe4 Rxf1+ 18. Rxf1 dxc4 19. Qxc4 c5 20. Qb5 Ba6 21. Qxa4 b5 22. Qa5 Qe8 23. Rd1 Qc6 24. Qd2 Bb7 25. a3 c4 26. bxc4 bxc4 27. Qc3 Qa4 28. Rc1 Bg5 29. Rf1 Qb3 30. Qxb3 cxb3 31. Rf3 Ba6 32. Rxb3 Bxe2 33. Bf3 Bxf3+ 34. Rxf3 Ra4 35. h4 Bh6 36. Rb3 Rxe4 37. Kg2 g6 38. Kf3 Re1 39. a4 Bc1 40. Bxc1 Rxc1 41. Ra3 Rc6 42. a5 Ra6 43. Ke4 Kf7 44. Kd4 Ke7 45. Kc5 Kd7 46. Kb5 Ra8 47. a6 Kc7 48. a7 1-0

[Event "Katowice Open"]
[Site "Katowice POL"]
[Date "1990.??.??"]
[Round "9"]
[White "Arbakov, Valentin"]
[Black "Labutin, Sergey"]
[Result "1-0"]
[WhiteElo "2415"]
[BlackElo "2360"]
[PlyCount "123"]
[EventDate "1990.??.??"]
[Source "www.chesslib.no"]
[SourceDate "2004.05.04"]

1. c4 e6 2. d4 d5 3. Nf3 c6 4. Qc2 f5 5. g3 Nf6 6. Bg2 Be7 7. O-O O-O 8. b3 Na6 9. Bb2 b6 10. Nbd2 Bb7 11. Rac1 Rc8 12. Ne5 Bd6 13. a3 Qe7 14. b4 c5 15. dxc5 bxc5 16. b5 Nb8 17. Nb3 Qc7 18. Nf3 d4 19. Rfe1 Be4 20. Qd1 f4 21. Nbd2 Bb7 22. Qc2 h6 23. gxf4 Bxf4 24. e3 dxe3 25. fxe3 Bd6 26. Qg6 Nbd7 27. Rf1 Ne5 28. Bxe5 Bxe5 29. Rf2 Bd6 30. Rcf1 Rcd8 31. Bh3 Qf7 32. Nh4 Qxg6+ 33. Nxg6 Rfe8 34. Bg2 Bxg2 35. Rxg2 Bc7 36. a4 Kh7 37. Nb3 Rd3 38. Nxc5 Rxe3 39. Na6 Ba5 40. c5 Ra3 41. Ne5 Rxa4 42. Nc6 Bc3 43. Nc7 Rc8 44. Nxe6 Ne4 45. h4 Ra1 46. Rxa1 Bxa1 47. Ra2 Re8 48. Rxa1 Rxe6 49. Rc1 Rg6+ 50. Kh2 Rg4 51. Nxa7 Rxh4+ 52. Kg2 Rh5 53. c6 Nd6 54. b6 Rg5+ 55. Kh3 Rh5+ 56. Kg4 Rg5+ 57. Kf4 Rf5+ 58. Ke3 Rf7 59. c7 h5 60. Rc6 Re7+ 61. Kf3 Rf7+ 62. Kg2 1-0

[Event "RUS-Cup03 (Geller mem)"]
[Site "Moscow"]
[Date "1999.02.10"]
[Round "9"]
[White "Zaitsev, Vadim"]
[Black "Pres, Grigorij"]
[Result "0-1"]
[WhiteElo "2412"]
[BlackElo "2352"]
[PlyCount "174"]
[EventDate "1999.02.10"]
[Source "ChessBase"]
[SourceDate "1999.06.08"]

1. d4 e6 2. c4 f5 3. g3 Nf6 4. Bg2 d5 5. Nf3 Be7 6. O-O O-O 7. b3 Ne4 8. a4 Nc6 9. Ba3 Bd7 10. Bxe7 Qxe7 11. Qc1 Be8 12. e3 Bh5 13. Nfd2 Rad8 14. f4 Nb4 15. cxd5 exd5 16. Bf3 Nf6 17. Qc3 Be8 18. Na3 a5 19. Rfe1 b6 20. Nc2 Nxc2 21. Qxc2 g6 22. Rac1 Rc8 23. Qc3 Bd7 24. Bg2 Ne4 25. Nxe4 fxe4 26. Bf1 c6 27. Re2 Qb4 28. Qxb4 axb4 29. Rec2 Ra8 30. Be2 Kf7 31. g4 Ke7 32. Kg2 Kd6 33. Kg3 Rfc8 34. Rd2 Rc7 35. h4 Bc8 36. h5 c5 37. dxc5+ Rxc5 38. Rc4 Rxc4 39. Bxc4 Be6 40. Rd4 Rc8 41. f5 gxf5 42. gxf5 Rg8+ 43. Kh2 Bf7 44. Be2 Ke5 45. Rd1 Rg5 46. Rc1 Kd6 47. Bb5 Rxf5 48. Rc6+ Ke5 49. Rxb6 d4 50. exd4+ Kxd4 51. a5 e3 52. Kg1 Bxb3 53. a6 Bd5 54. Be2 b3 55. a7 Rg5+ 56. Kf1 Bg2+ 57. Ke1 Ra5 58. Bd1 Rxa7 59. Rb4+ Ke5 60. Rxb3 Kf4 61. Rb4+ Kg3 62. Rg4+ Kh3 63. Rg5 Re7 64. h6 e2 65. Bb3 Bf3 66. Rg7 Re3 67. Bg8 Ra3 68. Ba2 Bg4 69. Bb1 Ra1 70. Rb7 Bf5 71. Kxe2 Rxb1 72. Rf7 Bg6 73. Rc7 Kg4 74. Rc5 Rh1 75. Rc4+ Kg5 76. Kf2 Rxh6 77. Kg3 Bf5 78. Rc7 Rh3+ 79. Kg2 Rb3 80. Rc4 h5 81. Ra4 h4 82. Rc4 Rb2+ 83. Kg1 h3 84. Ra4 Bg4 85. Ra5+ Kf4 86. Ra1 Kg3 87. Ra3+ Bf3 0-1

[Event "ARG-Cup"]
[Site "ARG"]
[Date "1995.??.??"]
[Round "1"]
[White "Auciello, Sergio"]
[Black "Minzer, Claudio Javier"]
[Result "1/2-1/2"]
[WhiteElo "2370"]
[BlackElo "2390"]
[PlyCount "71"]
[EventDate "1995.??.??"]
[Source "www.chesslib.no"]
[SourceDate "2004.05.04"]

1. d4 e6 2. Nf3 f5 3. g3 Nf6 4. Bg2 Be7 5. O-O O-O 6. b3 d5 7. c4 Bd7 8. Ba3 Be8 9. Bxe7 Qxe7 10. Qc2 c6 11. Ne5 Nbd7 12. Nxd7 Nxd7 13. Nd2 g5 14. f4 gxf4 15. Rxf4 Nf6 16. Nf3 Nh5 17. Rh4 Bg6 18. Ne5 Qg5 19. Qc1 f4 20. Bf3 Rf5 21. Bxh5 Bxh5 22. Rxf4 Rxe5 23. dxe5 Qxe5 24. Qe1 d4 25. Rf2 c5 26. Rd1 Qd6 27. Qd2 Qe7 28. Rdf1 e5 29. e4 Bg6 30. Re1 a5 31. a3 a4 32. b4 b5 33. Qc1 Rc8 34. cxb5 c4 35. Qc2 Qa7 36. h4 1/2-1/2

[Event "CAN Ch"]
[Site "Toronto CAN"]
[Date "1972.??.??"]
[Round "4"]
[White "Vranesic, Zvonko"]
[Black "Witt, Laszlo"]
[Result "1-0"]
[WhiteElo "2425"]
[BlackElo "2325"]
[PlyCount "91"]
[EventDate "1972.??.??"]
[Source "www.chesslib.no"]
[SourceDate "2004.05.04"]

1. d4 f5 2. c4 e6 3. Nf3 Nf6 4. g3 Be7 5. Bg2 d5 6. O-O O-O 7. b3 Qe8 8. Ba3 Bxa3 9. Nxa3 c6 10. Nc2 Nbd7 11. Nb4 Qh5 12. Nd3 Ne4 13. e3 Ndf6 14. Nfe5 Qh6 15. Qe2 Bd7 16. f3 Nd6 17. Rac1 Rae8 18. e4 fxe4 19. fxe4 dxe4 20. Nc5 Bc8 21. Nxe4 Nf5 22. Rfd1 Nxd4 23. Nxf6+ Rxf6 24. Qe4 c5 25. Ng4 Qg5 26. Nxf6+ gxf6 27. b4 b6 28. bxc5 bxc5 29. Rb1 e5 30. Rb8 Qh5 31. Re1 Be6 32. Rxe8+ Qxe8 33. Rf1 Qf7 34. Qa8+ Kg7 35. Bd5 Qd7 36. Bxe6 Nxe6 37. Qf3 Qd4+ 38. Kh1 e4 39. Qg4+ Kf7 40. Qh5+ Kg8 41. Qg4+ Ng7 42. Rb1 f5 43. Qg5 e3 44. Qf4 Qd2 45. Qe5 h5 46. Qd5+ 1-0

[Event "Buenos Aires op2"]
[Site "Buenos Aires"]
[Date "1993.??.??"]
[Round "7"]
[White "Garcia, Raimundo"]
[Black "Minzer, Claudio Javier"]
[Result "1-0"]
[WhiteElo "2375"]
[BlackElo "2370"]
[PlyCount "57"]
[EventDate "1993.??.??"]
[Source "www.chesslib.no"]
[SourceDate "2004.05.04"]

1. d4 e6 2. g3 f5 3. Bg2 Nf6 4. Nf3 Be7 5. O-O O-O 6. c4 d5 7. b3 Bd7 8. Nc3 Nc6 9. Bb2 Ne4 10. e3 Be8 11. Ne2 g5 12. cxd5 exd5 13. Ne1 Bd6 14. f3 Nf6 15. Nd3 Qe7 16. Qd2 Bg6 17. Nc3 Rae8 18. Rae1 Nb4 19. Ne5 c6 20. a3 Na6 21. e4 Bxe5 22. dxe5 Nd7 23. exd5 Qc5+ 24. Kh1 Nxe5 25. Na4 Qd6 26. Qc3 b5 27. f4 bxa4 28. fxe5 Qc5 29. Qd2 1-0

[Event "Oberliga Ost-B 9495"]
[Site "GER"]
[Date "1995.??.??"]
[Round "?"]
[White "Liebert, Heinz"]
[Black "Burmeister, Rick"]
[Result "0-1"]
[WhiteElo "2370"]
[BlackElo "2370"]
[PlyCount "76"]
[EventDate "1994.10.??"]
[Source "www.chesslib.no"]
[SourceDate "2004.05.04"]

1. Nf3 f5 2. g3 Nf6 3. Bg2 e6 4. d4 Be7 5. c4 d5 6. O-O O-O 7. b3 Ne4 8. Ba3 c5 9. cxd5 exd5 10. e3 Nc6 11. dxc5 f4 12. Nd4 fxe3 13. fxe3 Bg5 14. Rxf8+ Qxf8 15. Qe1 Qe7 16. Nxc6 bxc6 17. Bb2 Nxc5 18. Bd4 Nd3 19. Qd2 Ba6 20. Nc3 Rd8 21. Rf1 Kh8 22. h4 Bh6 23. Nd1 c5 24. Ba1 Qc7 25. Kh2 d4 26. Rf5 Ne5 27. Rxe5 Qxe5 28. Qa5 Qd6 29. exd4 cxd4 30. Nf2 g6 31. Ne4 Qb6 32. Qa3 Bg7 33. Ng5 Kg8 34. Qe7 Qf6 35. Qxa7 Be2 36. Qb7 Qf2 37. Ne6 Be5 38. Qe7 Qxg3+ 0-1

[Event "Ceuta-B"]
[Site "Ceuta"]
[Date "1993.??.??"]
[Round "5"]
[White "Del Prado, Cesar"]
[Black "Vega Holm, Fernando"]
[Result "0-1"]
[WhiteElo "2345"]
[BlackElo "2385"]
[PlyCount "78"]
[EventDate "1993.09.??"]
[Source "www.chesslib.no"]
[SourceDate "2004.05.04"]

1. d4 e6 2. c4 f5 3. Nf3 Nf6 4. g3 d5 5. Bg2 Be7 6. O-O O-O 7. b3 c6 8. Bb2 Bd7 9. Qc2 Be8 10. Ne5 Nbd7 11. cxd5 exd5 12. Qxf5 Nxe5 13. Qxe5 Bh5 14. Qe3 Bb4 15. f3 Re8 16. Qf2 Qa5 17. a3 Bd6 18. b4 Qb6 19. Bc3 Re7 20. Nd2 Rf8 21. Qe1 Re3 22. Nb1 Rfe8 23. Rf2 Qa6 24. Qd1 Bg6 25. Bd2 R3e7 26. Bg5 Rxe2 27. Rxe2 Qxe2 28. Nc3 Qxd1+ 29. Rxd1 a5 30. bxa5 Bxa3 31. Bd2 Bb4 32. Nb1 Bxd2 33. Nxd2 Re3 34. Bf1 Ra3 35. a6 bxa6 36. Rc1 Be8 37. Rb1 a5 38. Rb6 a4 39. Be2 Ra2 0-1

[Event "CHI-ch"]
[Site "Vina del Mar"]
[Date "1998.??.??"]
[Round "7"]
[White "Valenzuela, Luis"]
[Black "Minzer, Claudio Javier"]
[Result "1/2-1/2"]
[WhiteElo "2345"]
[BlackElo "2380"]
[PlyCount "42"]
[EventDate "1998.??.??"]
[Source "www.chesslib.no"]
[SourceDate "2004.05.04"]

1. d4 e6 2. Nf3 f5 3. g3 Nf6 4. Bg2 Be7 5. O-O O-O 6. c4 d5 7. b3 Bd7 8. Qc2 Nc6 9. Bb2 Ne4 10. Nbd2 Be8 11. Ne1 Bh5 12. Ndf3 Bxf3 13. Nxf3 Qe8 14. Ne1 Rd8 15. e3 Qh5 16. Nd3 g5 17. f3 Nf6 18. Rae1 Nb4 19. Nxb4 Bxb4 20. Bc3 Bxc3 21. Qxc3 c6 1/2-1/2

[Event "Cetinje"]
[Site "Cetinje"]
[Date "1996.??.??"]
[Round "?"]
[White "Milovanovic, Rade"]
[Black "Manakova, Maria"]
[Result "1-0"]
[WhiteElo "2430"]
[BlackElo "2290"]
[PlyCount "63"]
[EventDate "1996.??.??"]
[Source "www.chesslib.no"]
[SourceDate "2004.05.04"]

1. Nf3 e6 2. c4 f5 3. g3 Nf6 4. Bg2 Be7 5. O-O O-O 6. d4 d5 7. b3 c6 8. Nbd2 Bd7 9. Ne5 Be8 10. Bb2 Bh5 11. Nd3 Bd6 12. Nf3 Bxf3 13. exf3 Nbd7 14. Re1 Re8 15. f4 Rc8 16. c5 Bb8 17. b4 Nf8 18. a4 Re7 19. b5 h6 20. Bc1 g6 21. Ne5 N6d7 22. bxc6 bxc6 23. Bf1 Bxe5 24. fxe5 Rh7 25. Rb1 g5 26. Bd2 Rb8 27. Qh5 Kg7 28. Bd3 g4 29. Rxb8 Nxb8 30. Rb1 Qc7 31. Qe8 Nbd7 32. Ba6 1-0

[Event "Cseppko op-A 11th"]
[Site "?"]
[Date "2000.??.??"]
[Round "?"]
[White "Kiss Pal"]
[Black "Chetverik Maxim"]
[Result "0-1"]
[WhiteElo "2400"]
[BlackElo "2315"]
[PlyCount "94"]
[EventDate "2000.??.??"]
[Source "www.chesslib.no"]
[SourceDate "2004.05.04"]

1. Nf3 f5 2. g3 Nf6 3. Bg2 e6 4. O-O Be7 5. c4 O-O 6. b3 c6 7. d4 d5 8. Qc2 Qe8 9. Ba3 Bxa3 10. Nxa3 Qh5 11. Qc1 Ne4 12. Nc2 Nd7 13. Nce1 g5 14. Nd3 Rf6 15. Nfe5 Rh6 16. h3 Ndf6 17. Qe1 Ng4 18. Nxg4 fxg4 19. Ne5 Nf6 20. Qd2 Bd7 21. Kh2 Rf8 22. f3 gxh3 23. Bh1 Be8 24. c5 Rg6 25. g4 Qh6 26. Nxg6 Qxg6 27. Rg1 e5 28. dxe5 Nd7 29. Raf1 Nxe5 30. f4 gxf4 31. Rxf4 Bf7 32. Rf5 Qg7 33. Qf4 Ng6 34. Qf2 Re8 35. g5 Qb2 36. Rf1 Rxe2 37. Rxf7 Rxf2+ 38. R7xf2 Qe5+ 39. Kxh3 Qxg5 40. Rf7 Qh4+ 41. Kg2 Qg4+ 42. Kh2 Qh4+ 43. Kg2 d4 44. Rxb7 Nf4+ 45. Kf3 Qh3+ 46. Kxf4 Qxf1+ 47. Bf3 Qc1+ 0-1

[Event "Saarlouis (29.05.-06.06)"]
[Site "?"]
[Date "1999.05.30"]
[Round "3"]
[White "Farago Ivan"]
[Black "Schaffarth Peter"]
[Result "1/2-1/2"]
[WhiteElo "2533"]
[BlackElo "2182"]
[PlyCount "94"]
[EventDate "1999.??.??"]
[Source "www.chesslib.no"]
[SourceDate "2004.05.04"]

1. d4 f5 2. g3 Nf6 3. Bg2 d5 4. Nf3 e6 5. O-O Be7 6. c4 O-O 7. Qc2 c6 8. b3 Ne4 9. Bb2 Nd7 10. Ne1 Ndf6 11. Nd3 Bd7 12. f3 Nd6 13. Nd2 Rc8 14. Rae1 Nf7 15. e4 Kh8 16. Rf2 Ng8 17. Rfe2 Re8 18. Nc5 b6 19. exf5 exf5 20. Ne6 Bxe6 21. Rxe6 Ng5 22. R6e5 g6 23. Qd3 Qd7 24. Qe2 Nf7 25. Re6 Kg7 26. f4 Kf8 27. Nf3 Bd6 28. cxd5 cxd5 29. Rxe8+ Rxe8 30. Ne5 Qd8 31. Qb5 Nf6 32. Rd1 Bb8 33. Nc6 Qd7 34. a4 Nd6 35. Nxb8 Qxb5 36. axb5 Rxb8 37. Ba3 Ke7 38. Rc1 Kd7 39. Bf1 Nfe4 40. Bb4 Rc8 41. Rxc8 Kxc8 42. Kg2 Kd7 43. Kf3 Ke6 44. Bd3 Kd7 45. h3 h5 46. Be1 Ke6 47. h4 Kd7 1/2-1/2